01008 2200361 4500001002100000005001700021008004100038020002200079035002400101040001200125082001400137084002000151100002400171245011100195250001100306260003200317300003100349500001400380650002100394700001700415700002200432850001200454990001800466990001800484990001800502990001800520990001800538990001800556990001800574990001800592990001800610990001800628INLIS00000000002167320160802120827.0  a978-979-911-463-1 0010-081600000000030 aYOPDYOG a641.59593 a641.59593 Sav R aSavitry Khairunnisa aResep Masakan Thailand Enak & Halal !c/ Savitry Khairunnisa ; penyunting, Ifah Hanifah, Julian Ardhiyanto aCet. 1 aYogyakartabAjarmasakc2014 a52 hlm.b: ilus.c; 25 cm. a6-52 hlm. aMasakan Thailand aIfah Hanifah aJulian Ardhiyanto aYOPDYOG a11779-KS/B.16 a11780-KS/B.16 a11781-KS/B.16 a11782-KS/B.16 a11783-KS/B.16 a11784-KS/B.16 a11785-KS/B.16 a11786-KS/B.16 a11787-KS/B.16 a11788-KS/B.16